| 000 | 01027nam a2200277Ia 4500 | ||
|---|---|---|---|
| 003 | OSt | ||
| 005 | 20220923211105.0 | ||
| 006 | a|||||r|||| 00| 0 | ||
| 007 | ta | ||
| 008 | 220922b |||||||| |||| 00| 0 hin d | ||
| 020 |
_a8179170675 (hbk) _c350 |
||
| 024 | _a245,501 | ||
| 037 |
_b379, 11/02/2011, Swaraj Prakashan _cTextual |
||
| 040 |
_aARTS _cARTS _bhin |
||
| 041 |
_2hin _ahin |
||
| 082 | _aQ22v, 152L6;P5 | ||
| 100 |
_aजायसवाल, सुवीरा _9158078 |
||
| 245 | 0 | _aवैष्णव धर्म का उद्भव और विकास | |
| 246 | _aVaiṣhṇav dharma kā udbhav aur vikāsa | ||
| 260 |
_aदिल्ली _b ग्रंथ शिल्पी _c2005 |
||
| 300 |
_a292पृ. _ccm. |
||
| 490 | _aभारतीय इतिहास के गौरव ग्रंथ | ||
| 650 | _aधर्म | ||
| 942 |
_hQ22v, 152L6;P5 _cTEXL _2CC |
||
| 999 |
_c295080 _d295080 |
||